| 000 | 00723 a2200145 4500 | ||
|---|---|---|---|
| 003 | Nust | ||
| 005 | 20170207154015.0 | ||
| 040 | _cNust | ||
| 100 | _aJohn C. Russ | ||
| 245 |
_aThe Image Processing and Analysis Cookbook (E-Book) _bCompanion to The Image Processing Toolkit (Version 3.0) _cJohn C. Russ |
||
| 260 |
_bNorth Carolina State University _c1996 |
||
| 300 | _a11,p | ||
| 505 | _aPart 1 - Image Acquisition and Display - Part 2 - Processing to correct defects - Part 3 - Processing for image enhancement - Part 4 - Frequency space processing - Part 5 - Thresholding and segmentation - Part 6 - Binary image processing - Part 7 - Stereology and global properties - Part 8 - Feature-specific measurements | ||
| 651 | _aE-Book | ||
| 942 |
_2ddc _cBK |
||
| 999 |
_c191414 _d191414 |
||